Szczegóły MARC21

Johannes Gutenberg /

003 -Nazwa inst., której nr kontr. jest w polu 001 [,]
    • @
    • Nazwa instytucji, której n kontrolny jest w polu 001
    • NUKAT
005 -DATA I CZAS OSTATNIEJ MODYFIKACJI [,]
    • @
    • pole kontrolne
    • 20241231091300.0
040 -Instytucja sporządzająca opis [ , ]
    • a
    • Instytucja, która sporządziła opis (NP)
    • KAT U/MS
    • c
    • Instytucja, która sporządziła rekord (NP)
    • KAT U/MSmok
942 -Rodzaj dokumentu [ , ]
    • c
    • Rodzaj dokumentu
    • Książka
100 -Hasło główne - nazwa osobowa [1, ]
    • a
    • Nazwa osobowa (NP)
    • Kästner, Ingrid.
    • 9
    • KHW
    • 694726
240 -Tytuł ujednolicony [1,0]
    • a
    • Tytuł ujednolicony
    • Johannes Gutenberg
    • l
    • Język tekstu
    • (niem.)
    • 9
    • KHW
    • 694728
245 -Strefa tytułu i oznaczenia odpowiedzialności [1,0]
    • a
    • Tytuł
    • Johannes Gutenberg / Find
    • c
    • Pozostałe elementy strefy tytułu i oznaczenia odpowiedzialności (NP)
    • Ingrid Kästner.
250 -Strefa wydania [ , ]
    • a
    • Oznaczenie wydania (NP)
    • 2. Aufl.
260 -Strefa adresu wydawniczego [ , ]
    • a
    • Miejsce wydania (P)
    • Leipzig :
    • b
    • Nazwa wydawcy (P)
    • BSB B.G. Teubner Verlagsgesellschaft,
    • c
    • Data wydania (P)
    • 1981.
300 -Strefa opisu fizycznego [ , ]
    • a
    • Określenie formy książki i/lub objętość (NP)
    • 68 s. ;
    • b
    • Oznaczenie ilustracji (NP)
    • il. ;
    • c
    • Format (NP)
    • 19 cm.
336 -Typ zawartości [ , ]
    • a
    • Termin opisujący typ zawartości
    • Tekst
    • b
    • Kod określający zawartość
    • txt
    • 2
    • Źródło (terminu i kodu)
    • rdacontent
337 -Typ mediów [ , ]
    • a
    • Tryb odtwarzania
    • Bez urządzenia pośredniczącego
    • b
    • Kod typu mediów
    • n
    • 2
    • Źródło (terminu i kodu)
    • rdamedia
338 -Typ/rodzaj nośnika [ , ]
    • a
    • Hasło opisujące typ nośnika
    • Wolumin
    • b
    • Kod typu nośnika
    • nc
    • 2
    • Źródło (terminu i kodu)
    • rdacarrier
490 -Strefa serii i książki wielotomowej - forma nie do wyszukiwania [1, ]
    • a
    • Tytuł (P)
    • Biographien Hervorragender Naturwissenschaftler, Techniker und Mediziner ; Find
    • v
    • Numeracja (P)
    • Bd. 37
830 -Hasło dodatkowe serii i opisu książki wielotomowej - tytuł ujednolicony/tytuł [ ,0]
    • a
    • Tytuł ujednolicony/tytuł (NP)
    • Biographien Hervorragender Naturwissenschaftler, Techniker und Mediziner
    • x
    • ISSN
    • 0232-3516
    • v
    • Oznaczenie tomu (NP)
    • Bd. 37
    • 9
    • KHW
    • 1812
504 -Uwaga dot. bibliogr. załącznikowej [ , ]
    • a
    • Uwaga dot. bibliografii załącznikowej
    • Bibliogr s. 68.
600 -Hasło przedmiotowe w formie nazwy osobowej [1,7]
    • a
    • Nazwa osobowa
    • Gutenberg, Johannes
    • d
    • Daty związane z nazwą
    • (około 1394-1468).
    • 2
    • Źródło terminu
    • kaba
    • 9
    • KHW
    • 236860
650 -Hasło przedmiotowe [ ,7]
    • a
    • Hasło przedmiotowe
    • Drukarstwo
    • x
    • Określnik rzeczowy
    • początki.
    • 2
    • Źródło terminu
    • kaba
    • 9
    • KHW
    • 106456
Sygnatura Lokalizacja Data inwentaryzacji Numer inwentarzowy Status udost.
Germ. Biografie 22BM2024-01-23BJM.3415-3